| 000 | 00643nam a22001817a 4500 | ||
|---|---|---|---|
| 003 | UPN | ||
| 005 | 20250512111254.0 | ||
| 008 | 250512s1989 fr| |||frf||| 101 0 spa d | ||
| 040 |
_aMX-MxUPN _bspa _cMX-MxUPN |
||
| 041 | _aspa | ||
| 050 |
_aAS4 U82 _b1982 |
||
| 110 |
_aReunión de la Conferencia General de la UNESCO _cParís, Francia _dOctubre 16 - Noviembre 16 _nXXV _956534 |
||
| 245 |
_a25a. Reunión de la Conferencia General de la UNESCO : _bpliego de instrucciones |
||
| 260 |
_aParís : _bUNESCO, _c1989 |
||
| 611 | _nXXV Reunión del Consejo General de la UNESCO | ||
| 902 | _aMaiella Martínez / 12052025 | ||
| 942 |
_2lcc _cLIBRO _n0 |
||
| 999 |
_c213224 _d213224 |
||